Cách tiếp cận nghiên cứu tâm lý học nhân cách /
Gorde:
| Egile nagusia: | |
|---|---|
| Formatua: | Artikulua |
| Hizkuntza: | Vietnamese |
| Gaiak: | |
| Etiketak: |
Etiketa erantsi
Etiketarik gabe, Izan zaitez lehena erregistro honi etiketa jartzen!
|
| Thư viện lưu trữ: | Thư viện Trường Đại học Đà Lạt |
|---|
| LEADER | 00786nam a2200289 4500 | ||
|---|---|---|---|
| 001 | DLU040026657 | ||
| 040 | # | # | |a DLU |b vie |
| 041 | # | # | |a vie |
| 044 | # | # | |a vn |
| 100 | # | # | |a Phạm Minh Hạc |
| 245 | # | # | |a Cách tiếp cận nghiên cứu tâm lý học nhân cách / |c Phạm Minh Hạc |
| 653 | # | # | |a Lí luận |
| 653 | # | # | |a Nhân cách văn hoá |
| 653 | # | # | |a Tâm lí học |
| 773 | # | # | |a Tạp chí Tâm Lý Học |g Số 3 - 2004, tr. 1 – 4 |
| 920 | # | # | |a Phòng Tạp chí -- Trung tâm Thông tin - Thư viện Trường Đại học Đà Lạt |
| 933 | # | # | |a NV |
| 933 | # | # | |a SP |
| 933 | # | # | |a XH |
| 994 | # | # | |a DLU |
| 900 | # | # | |a True |
| 911 | # | # | |a Nguyễn Năng Hải |
| 925 | # | # | |a G |
| 926 | # | # | |a A |
| 927 | # | # | |a BB |
| 980 | # | # | |a Thư viện Trường Đại học Đà Lạt |